Vývoj nákladov a zisku v Medos Galanta : Obh. 9.6.1992 /

Na minha lista:
Detalhes bibliográficos
Autor principal: Prágaiová-Lysá, Tímea (Author)
Formato: Manuscrito Livro
Idioma:eslovaco
Publicado em: Bratislava : STU v Bratislave ChtF, 1992
Tags: Adicionar Tag
Sem tags, seja o primeiro a adicionar uma tag!

MARC

LEADER 00000ntm a22000003a 4500
001 stu19210
005 20150617225756.0
008 920715s1992----cs------------------slo-d
040 |a STU  |b slo 
041 0 |a slo 
044 |a cs 
100 1 |a Prágaiová-Lysá, Tímea  |4 aut 
245 1 |a Vývoj nákladov a zisku v Medos Galanta :  |b Obh. 9.6.1992 /  |c [aut.]Prágaiová-Lysá,Tímea 
260 |a Bratislava :  |b STU v Bratislave ChtF,  |c 1992 
300 |a 43 s :  |b Tab.,lit 
500 |a Špec.: Ekonomika a riadenie chem.a potrav.priemyslu 
996 |b CD11128  |c C*D11128  |l CCI  |s A  |a 24  |w stu19210_0001